পাকিস্তানি জেনারেলদের মন : (Record no. 5788)
[ view plain ]
| 000 -LEADER | |
|---|---|
| fixed length control field | 00727nam a22001817a 4500 |
| 003 - CONTROL NUMBER IDENTIFIER | |
| control field | BUBTL |
| 008 - FIXED-LENGTH DATA ELEMENTS--GENERAL INFORMATION | |
| fixed length control field | 180910b xxu||||| |||| 00| 0 eng d |
| 020 ## - INTERNATIONAL STANDARD BOOK NUMBER | |
| International Standard Book Number | 984-70114-0143-x |
| 082 ## - DEWEY DECIMAL CLASSIFICATION NUMBER | |
| Classification number | 954.92 / MAP |
| 100 ## - MAIN ENTRY--PERSONAL NAME | |
| 9 (RLIN) | 1810 |
| Personal name | মামুন, মুনতাসীর |
| 245 ## - TITLE STATEMENT | |
| Title | পাকিস্তানি জেনারেলদের মন : |
| Remainder of title | বাঙালি বাংলাদেশ মুক্তিযুদ্ধ / |
| Statement of responsibility, etc. | মুনতাসীর মামুন |
| 260 ## - PUBLICATION, DISTRIBUTION, ETC. (IMPRINT) | |
| Place of publication, distribution, etc. | ঢাকা : |
| Name of publisher, distributor, etc. | সময় প্রকাশন, |
| Date of publication, distribution, etc. | c2010. |
| 300 ## - PHYSICAL DESCRIPTION | |
| Extent | 544 p. : |
| Dimensions | 21.5 cm. |
| 650 #0 - SUBJECT ADDED ENTRY--TOPICAL TERM | |
| 9 (RLIN) | 1755 |
| Topical term or geographic name as entry element | মুক্তিযুদ্ধ |
| 856 ## - ELECTRONIC LOCATION AND ACCESS | |
| Password | 0 |
| Logon | 0 |
| Link text | Download |
| 942 ## - ADDED ENTRY ELEMENTS (KOHA) | |
| Source of classification or shelving scheme | |
| Koha item type | Books |
| Withdrawn status | Lost status | Source of classification or shelving scheme | Damaged status | Not for loan | Collection code | Permanent location | Current location | Shelving location | Date acquired | Inventory number | Total Checkouts | Full call number | Barcode | Date last seen | Copy number | Price effective from | Koha item type |
|---|---|---|---|---|---|---|---|---|---|---|---|---|---|---|---|---|---|
| Non-fiction | Bangladesh University of Business and Technology Library | Bangladesh University of Business and Technology Library | 10/22/2016 | 22565 | 954.92 / MAP | BUBTL-200322565 | 09/10/2018 | C-1 | 09/10/2018 | Books | |||||||
| Non-fiction | Bangladesh University of Business and Technology Library | Bangladesh University of Business and Technology Library | 01/31/2015 | 20049 | 954.92 / MAP | BUBTL-200320049 | 04/27/2019 | C-2 | 04/27/2019 | Books | |||||||
| Non-fiction | Bangladesh University of Business and Technology Library | Bangladesh University of Business and Technology Library | 10/22/2016 | 22566 | 954.92 / MAP | BUBTL-200322566 | 10/21/2019 | C-3 | 10/21/2019 | Books |
